LEADER 03617nam 22006495 450 001 9910459579503321 005 20210114082827.0 010 $a1-283-27812-X 010 $a9786613278128 010 $a0-520-94946-3 024 7 $a10.1525/9780520949461 035 $a(CKB)2670000000077081 035 $a(EBL)672393 035 $a(OCoLC)710974699 035 $a(SSID)ssj0000470024 035 $a(PQKBManifestationID)11299171 035 $a(PQKBTitleCode)TC0000470024 035 $a(PQKBWorkID)10528057 035 $a(PQKB)11290783 035 $a(StDuBDS)EDZ0000084541 035 $a(DE-B1597)519584 035 $a(OCoLC)712769781 035 $a(DE-B1597)9780520949461 035 $a(MiAaPQ)EBC672393 035 $a(EXLCZ)992670000000077081 100 $a20200424h20112011 fg 101 0 $aeng 135 $aur|n|---||||| 181 $ctxt 182 $cc 183 $acr 200 10$aHoly Hustlers, Schism, and Prophecy $eApostolic Reformation in Botswana /$fRichard Werbner 210 1$aBerkeley, CA : $cUniversity of California Press, $d[2011] 210 4$d©2011 215 $a1 online resource (284 p.) 225 0 $aThe Anthropology of Christianity ;$v11 300 $aDescription based upon print version of record. 311 $a0-520-26853-9 320 $aIncludes bibliographical references and index. 327 $tFrontmatter -- $tContents -- $tIllustrations -- $tAcknowledgments -- $tIntroduction -- $t1. Holy Hustling -- $t2. Between the Prophetic and the Pastoral -- $t3. The Lives of Prophets and Bishops -- $t4. Escalating Crisis: Faith and Trust "under Destruction" -- $t5. Schism, Innovation, and Continuity -- $t6. Personal Nearness and Sincerity in Prayer -- $t7. Diagnosis, Reconnaissance, and Fabrication -- $t8. Prescribing Christian Cosmetics: Moving Bodies and Intercorporeality -- $t9. Old and New in Christian Reformation -- $tConclusion: From Film to Book- Dianoia and Noesis -- $tNotes -- $tReferences -- $tIndex 330 $aThis book examines the charismatic Christian reformation presently underway in Botswana's time of AIDS and the moral crisis that divides the church between the elders and the young, apostolic faith healers. Richard Werbner focuses on Eloyi, an Apostolic faith-healing church in Botswana's capital. Werbner shows how charismatic "prophets"-holy hustlers-diagnose, hustle, and shock patients during violent and destructive exorcisms. He also shows how these healers enter into prayer and meditation and take on their patients' pain and how their ecstatic devotions create an aesthetic in which beauty beckons God. Werbner challenges theoretical assumptions about mimesis and empathy, the power of the word, and personhood. With its accompanying DVD, Holy Hustlers, Schism, and Prophecy integrates textual and filmed ethnography and provides a fresh perspective on ritual performance and the cinematic. 410 4$aThe Anthropology of Christianity 606 $aPentecostal churches --Botswana --Gaborone 606 $aPentecostal churches$xChurch history$zBotswana$zGaborone 607 $aGaborone (Botswana) 607 $aGaborone (Botswana)$xChurch history 608 $aElectronic books. 615 4$aPentecostal churches --Botswana --Gaborone. 615 0$aPentecostal churches$xChurch history 676 $a276.883 083 700 $aWerbner$b Richard, $4aut$4http://id.loc.gov/vocabulary/relators/aut$0658354 801 0$bDE-B1597 801 1$bDE-B1597 906 $aBOOK 912 $a9910459579503321 996 $aHoly Hustlers, Schism, and Prophecy$92469916 997 $aUNINA LEADER 03953nam 2200853 450 001 9910795420403321 005 20220519121301.0 010 $a0-520-97007-1 024 7 $a10.1525/9780520970076 035 $a(CKB)4340000000257863 035 $a(StDuBDS)EDZ0001929154 035 $a(OCoLC)1010621348 035 $a(MdBmJHUP)muse66573 035 $a(DE-B1597)519424 035 $a(DE-B1597)9780520970076 035 $a(MiAaPQ)EBC5313514 035 $a(Au-PeEL)EBL5313514 035 $a(CaPaEBR)ebr11519827 035 $a(EXLCZ)994340000000257863 100 $a20220519d2018 uy 0 101 0 $aeng 135 $aur||||||||||| 181 $2rdacontent 181 $2rdacontent 181 $2rdacontent 182 $2rdamedia 183 $2rdacarrier 200 10$aArgentina's missing bones $erevisiting the history of the dirty war /$fJames P. Brennan 210 1$aOakland, California :$cUniversity of California Press,$d[2018] 210 4$d©2018 215 $a1 online resource $cillustrations (black and white), maps (black and white) 225 1 $aViolence in Latin American History ;$vVolume 6 300 $aPreviously issued in print: 2018. 311 0 $a0-520-29791-1 311 0 $a0-520-29793-8 320 $aIncludes bibliographical references and index. 327 $tFront matter --$tContents --$tAcknowledgments --$tIntroduction --$t1. Threats: Apostles of the New Order --$t2. Dictatorship: Terrorizing Córdoba --$t3. Death Camp: La Perla --$t4. Institutional Dynamics: The Third Army Corps --$t5. Transnational Dynamics: The Cold War and the War against Subversion --$t6. Five Trials: Public Reckonings of a Violent Past --$t7. Remembering: Memories of Violence and Terror --$t8. Assigning Blame: Who Was Responsible for the Dirty War? --$tEpilogue --$tAppendix 1 --$tAppendix 2 --$tAppendix 3 --$tNotes --$tSelected Bibliography --$tIndex 330 $aArgentina's Missing Bones is the first comprehensive English-language work of historical scholarship on the 1976-83 military dictatorship and Argentina's notorious experience with state terrorism during the so-called dirty war. It examines this history in a single but crucial place: Córdoba, Argentina's second largest city. A site of thunderous working-class and student protest prior to the dictatorship, it later became a place where state terrorism was particularly cruel. Considering the legacy of this violent period, James P. Brennan examines the role of the state in constructing a public memory of the violence and in holding those responsible accountable through the most extensive trials for crimes against humanity to take place anywhere in Latin America. 410 0$aViolence in Latin American history ;$vVolume 6. 606 $aTrials (Crimes against humanity)$zArgentina 607 $aArgentina$xHistory$yDirty War, 1976-1983 607 $aCo?rdoba (Argentina)$xHistory$y20th century$vCase studies 610 $a1976 to 1983. 610 $aargentina. 610 $acordoba. 610 $acrimes against humanity. 610 $acruel. 610 $adictatorship. 610 $adirty war. 610 $aextensive trials. 610 $ahistorical scholarship. 610 $ahistory. 610 $aholding people accountable. 610 $alatin america. 610 $amilitary dictatorship. 610 $amilitary. 610 $apublic memory of violence. 610 $asecond largest city. 610 $astate terrorism. 610 $astudent protest. 610 $aviolence. 610 $awar. 610 $aworking class. 615 0$aTrials (Crimes against humanity) 676 $a323.490982 700 $aBrennan$b James P.$f1955-$01525286 702 $aFerreyra$b Mercedes 801 0$bMiAaPQ 801 1$bMiAaPQ 801 2$bMiAaPQ 906 $aBOOK 912 $a9910795420403321 996 $aArgentina's missing bones$93766572 997 $aUNINA LEADER 00882nam 2200265 450 001 996704371303316 005 20260314095709.0 100 $a20260127d1970----km y0itay5003 ba 101 0 $aita 102 $aIT 105 $ay 00 y 200 1 $aPrimi approcci con una mini-riforma$euna nuova disciplina della pubblicitą per le societą di capitali$fGustavo Minervini 210 $aMilano$cGiuffrč$d1970 215 $a[512]-525 p.$d25 cm 300 $aEstratto da: Rivista delle societą, anno 15, fasc. 3-4 (mag.-ago. 1970) 606 0 $aSocietą di capitali$xRiforme$yItalia$2BNCF 676 $a346.45066 700 1$aMINERVINI,$bGustavo$0108979 801 0$aIT$bcba$gREICAT 912 $a996704371303316 951 $aXVI.7.Misc. 1793$b1822 FBUO$cXVI.7.Misc. 959 $aBK 969 $aFBUO 996 $aPrimi approcci con una mini-riforma$94530540 997 $aUNISA